000 00503nam a22001577a 4500
003 OSt
008 260421b |||||||| |||| 00| 0 eng d
082 _a634.421
_bS48S
100 _aSinha, Ramesh Chandra
245 _aStudies on the Effect of Poliar Application of Mineral Nutrients on Fruit Development and Quality of Guava (Psidium guajava Linn.)
260 _aPusa, Samastipur
_bRAU, Pusa
_c1989
300 _a90P.
502 _bMsc.
_d1989
650 _aFruit and Fruit Technology
942 _2ddc
_cT
999 _c50100
_d50100